Statistics for Memorial Day Quiz

Click here to take the quiz!

General Stats

  • This quiz has been taken 121 times
  • The average score is 7 of 14

Answer Stats

Hint Answer % Correct
Day of the week US Memorial Day is observedMonday
86%
How is the flag to be flown on Memorial Day?Half staff
80%
What local events are normally held this day?Parades
72%
Song traditionally played at military funeralsTaps
71%
Colorful item used to decorate military gravesThe flag
65%
Location of the U.S. Tomb of the UnknownsArlington National Cemetery
64%
Auto race held on or near Memorial DayThe Indianapolis 500
56%
War which initiated Memorial DayCivil War
53%
Traditional flower worn on Memorial DayPoppy
52%
1st nations to have a Tomb of the UnknownsBritain and France
50%
Memorial Day's name in commonwealth nationsRemembrance Day
33%
Original name given to the U.S. Memorial DayDecoration Day
19%
Golf tournament hosted by Jack NicklausThe Memorial Tournament
11%
Year the U.S. made it an official holiday1971
8%

Score Distribution

Percentile by Number Answered

Percent of People with Each Score

Your Score History

You have not taken this quiz